Kritický pohľad na efektívnosť nórskych grantov pri prechode na zelené hospodárstvo Slovenskej republiky, prípadová štúdia: Projekt Biomasové logistické centrum firmy BIOPEL

Postoj Nórska a jeho obyvateľov k Európskej únii. Nórska pomoc a nórske granty. Slovenská stratégia prechodu na zelené hospodárstvo. Analýza využitia programu grantov Nórska s názvom „Zelené inovácie v priemysle“ v podmienkach Slovenskej republiky. Hodnotenie projektu BLC (Biomasové logistické centr...

Ausführliche Beschreibung

Gespeichert in:
Bibliographische Detailangaben
1. Verfasser: Karelová, Klaudia
Format: Buchkapitel
Sprache:Slowakisch
Schlagworte:
Tags: Tag hinzufügen
Keine Tags, Fügen Sie das erste Tag hinzu!

MARC

LEADER 00000nla a2200000 4500
001 0236354
005 20240502073826.0
041 0 |a slo 
044 |a SK 
245 1 0 |a Kritický pohľad na efektívnosť nórskych grantov pri prechode na zelené hospodárstvo Slovenskej republiky, prípadová štúdia: Projekt Biomasové logistické centrum firmy BIOPEL  |c Klaudia Karelová 
520 |a Postoj Nórska a jeho obyvateľov k Európskej únii. Nórska pomoc a nórske granty. Slovenská stratégia prechodu na zelené hospodárstvo. Analýza využitia programu grantov Nórska s názvom „Zelené inovácie v priemysle“ v podmienkach Slovenskej republiky. Hodnotenie projektu BLC (Biomasové logistické centrum) spoločnosti Biopel. 
610 2 0 |a ekonomika ekologická 
610 2 0 |a granty 
610 2 0 |a financovanie 
610 2 0 |a projekty 
610 2 0 |a biomasa 
610 2 0 |a inovácia 
610 2 0 |a Nórsko 
610 2 0 |a Slovensko 
100 1 |a Karelová, Klaudia